[Event "Winnipeg TNT March op"]
[Site "Winnipeg"]
[Date "2017.03.28"]
[Round "4.4"]
[White "Piche, Zachary"]
[Black "Myrzaibraimova, Aibike"]
[Result "0-1"]
[WhiteElo "1310"]
[BlackElo "1567"]
[PlyCount "48"]
[EventDate "2017.03.07"]
[EventType "swiss"]
[EventRounds "4"]
[EventCountry "CAN"]
[SourceTitle "EXT 2022"]
[Source "ChessBase"]
[SourceDate "2021.10.06"]
[SourceVersion "1"]
[SourceVersionDate "2021.10.06"]
[SourceQuality "1"]

1. d4 d5 2. c4 e6 3. Nc3 Nf6 4. Bg5 Be7 5. Nf3 0-0 6. e3 b6 7. cxd5 exd5 8. Bd3 c5 9. 0-0 c4 10. Bc2 Nc6 11. b3 Bg4 12. h3 Bh5 13. bxc4 dxc4 14. Qe2 Qc8 15. g4 Nxg4 16. Qxc4 Nxe3 17. fxe3 Qxh3 18. Qxc6 Rac8 19. Qe4 Bg6 20. Qxe7 Bxc2 21. Nd5 Qg3+ 22. Kh1 Qh3+ 23. Nh2 Rce8 24. Qd6 Be4+ 0-1

[Event "Winnipeg TNT March op"]
[Site "Winnipeg"]
[Date "2017.03.14"]
[Round "2.4"]
[White "Piche, Zachary"]
[Black "Konara, Harshani"]
[Result "0-1"]
[WhiteElo "1310"]
[BlackElo "1903"]
[PlyCount "69"]
[EventDate "2017.03.07"]
[EventType "swiss"]
[EventRounds "4"]
[EventCountry "CAN"]
[SourceTitle "EXT 2022"]
[Source "ChessBase"]
[SourceDate "2021.10.06"]
[SourceVersion "1"]
[SourceVersionDate "2021.10.06"]
[SourceQuality "1"]

1. d4 Nf6 2. c4 e6 3. Nc3 Bb4 4. Qc2 b6 5. Nf3 Bb7 6. Bg5 0-0 7. e3 Be7 8. Bd3 h6 9. Bf4 d6 10. e4 Nc6 11. d5 Nb4 12. Qd2 Nxd3+ 13. Qxd3 e5 14. Be3 Bc8 15. h3 a6 16. 0-0 Nh7 17. b4 f5 18. a4 Qe8 19. b5 a5 20. Nd2 Qg6 21. Kh1 f4 22. Bxf4 Rxf4 23. Ne2 Rf8 24. f4 exf4 25. Nxf4 Qe8 26. Nb3 Bg5 27. Qg3 Bxf4 28. Rxf4 Rxf4 29. Qxf4 Qe5 30. Qh4 Qf6 31. Qg3 Ng5 32. Qd3 Qe5 33. Re1 Bf5 34. Qd2 Nxe4 35. Nd4 0-1

[Event "Winnipeg TNT February op"]
[Site "Winnipeg"]
[Date "2017.02.07"]
[Round "1.4"]
[White "Letain, Cory"]
[Black "Piche, Zachary"]
[Result "1-0"]
[WhiteElo "1737"]
[BlackElo "1319"]
[PlyCount "85"]
[EventDate "2017.02.07"]
[EventType "swiss"]
[EventRounds "4"]
[EventCountry "CAN"]
[SourceTitle "EXT 2022"]
[Source "ChessBase"]
[SourceDate "2021.10.06"]
[SourceVersion "1"]
[SourceVersionDate "2021.10.06"]
[SourceQuality "1"]

1. e4 c5 2. Nf3 d6 3. d4 cxd4 4. Nxd4 Nf6 5. Nc3 a6 6. f3 e6 7. Bc4 Nbd7 8. Be3 b5 9. Bd3 Bb7 10. Qd2 Be7 11. 0-0-0 Qc7 12. Bxb5 axb5 13. Ndxb5 Qc4 14. b3 Qc6 15. Kb2 Ba6 16. Nxd6+ Bxd6 17. Qxd6 Qxd6 18. Rxd6 0-0 19. Rhd1 Ne5 20. Bd4 Nfd7 21. f4 Nc4+ 22. bxc4 Rfb8+ 23. Ka1 Nf6 24. Bxf6 gxf6 25. Nb5 Bxb5 26. cxb5 Kg7 27. c4 Ra4 28. Rc1 Rc8 29. Rc6 Rca8 30. Rc2 Rd8 31. b6 Rb4 32. Rc1 Rd2 33. Rc7 Ra4 34. Ra7 Rb4 35. c5 Rd8 36. b7 Rb8 37. c6 e5 38. c7 R8xb7 39. Rxb7 Rxb7 40. c8Q Rb5 41. Qg4+ Kf8 42. Rc8+ Ke7 43. Rc7+ 1-0